| 000 | 00904nam a22002777a 4500 | ||
|---|---|---|---|
| 003 | OSt | ||
| 005 | 20140310181654.0 | ||
| 008 | 930426r19931967nyu 000 1 eng | ||
| 010 | _a 93001855 | ||
| 020 | _a0140620486 | ||
| 040 |
_aDLC _cDLC _dOCoLC _dDLC _dOCoLC _dDLC |
||
| 043 |
_af------ _af-cg--- |
||
| 050 | 0 | 0 |
_aPR 6005.O4 _b.C754 1994 |
| 082 | 0 | 0 |
_aCLA C76h _b1994 |
| 100 | 1 |
_aConrad, Joseph, _d1857-1924. _92882 |
|
| 245 | 1 | 0 |
_aHeart of darkness / _cJoseph Conrad |
| 260 |
_aNew York: _bPenguin Books, _c1994. |
||
| 300 |
_a110 p. ; _c18 cm. |
||
| 521 | _a | ||
| 541 | _j1 | ||
| 562 | _e1 | ||
| 655 | 7 |
_aPsychological fiction. _2lcsh _92883 |
|
| 856 | 4 | 2 |
_3Publisher description _uhttp://www.loc.gov/catdir/description/random041/93001855.html |
| 856 | 4 | 2 |
_3Contributor biographical information _uhttp://www.loc.gov/catdir/enhancements/fy0703/93001855-b.html |
| 942 |
_2lcc _cBBK _kCLA |
||
| 999 |
_c1062 _d1062 |
||